Molecular population genetics (Registro nro. 314609)

Detalles MARC
000 -ENCABEZADO
Número de control [NR] 01100cam a2200289 i 4500
001 - NÚMERO DE CONTROL
control field 20131054
005 - FECHA Y HORA DE LA ÚLTIMA TRANSACCIÓN
control field 20191031105235.0
008 - DE LONGITUD FIJA DE DATOS DE ELEMENTOS - INFORMACIÓN GENERAL
Elementos de longitud fija [NR] 190826s2018 nyua b 001 0 eng
010 ## - NUMERO DE CONTROL DE LA BIBLIOTECA DEL CONGRESO (LC) [NR]
Número de control LC [NR] 2017053388
020 ## - NUMERO INTERNACIONAL NORMALIZADO PARA LIBROS [R]
Número Internacional Normalizado del libro [NR] 9780878939657
035 ## - NUMERO DE CONTROL DEL SISTEMA [R]
Número de control del sistema [NR] (DNLM)101716237
040 ## - FUENTE DE CATALOGACION [NR]
Agencia de catalogación original [NR] CO-BoUCM
Quien Cataloga Saul Niño
Quien Clasifica Saul Niño
Idioma de catalogación [NR] spa
041 0# - CODIGO DE IDIOMA [R]
Código de idioma para texto/pista de sonido o título separado [R] Inglés
050 00 - SIGNATURA TOPOGRAFICA DE LA BIBLIOTECA DEL CONGRESO (LC) [R]
Número clasificador [R] QH352
Número del ítem [NR] .H34 2018
060 10 - SIGNATURA TOPOGRAFICA DE LA BIBLIOTECA NACIONAL DE MEDICINA (NLM) [R]
Número clasificador [R] QU 450
100 1# - ASIENTO PRINCIPAL--NOMBRE PERSONAL [NR]
Nombre personal [NR] Hahn, Matthew William
Fechas asociadas con el nombre [NR] 1975-
ID Autoridad 98140
245 10 - MENCION DE TITULO [NR]
Título [NR] Molecular population genetics
Mención de responsabilidad, etc. [NR] Matthew W. Hahn, Indiana University
260 ## - PUBLICACION, DISTRIBUCION, ETC. (PIE DE IMPRENTA) [R]
Lugar de publicación, distribución, etc. [R] New York
Nombre del editor, distribuidor, etc. [R] Sinauer Associates
Fecha de publicación, distribución, etc. [R] 2019
300 ## - DESCRIPCION FISICA [R]
Extensión [R] xviii, 334 páginas
505 0# - NOTA DE CONTENIDO CON FORMATO PREESTABLECIDO [R]
Nota de contenido con formato preestablecido [NR] Models of evolution -- Experimental design -- Describing variation -- Recombination -- Population structure -- The coalescent -- Direct selection -- Linked selection -- Demographic history -- Population genomics.
546 ## - NOTA DE IDIOMA [R]
Nota de idioma [NR] Texto en inglés
650 #7 - ASIENTO SECUNDARIO DE MATERIA - TERMINO TEMATICO [R]
Término temático o nombre geográfico como elemento de entrada [NR] Genética de población
9 (RLIN) 16313
650 #7 - ASIENTO SECUNDARIO DE MATERIA - TERMINO TEMATICO [R]
Término temático o nombre geográfico como elemento de entrada [NR] Biología molecular
9 (RLIN) 10131
650 #0 - ASIENTO SECUNDARIO DE MATERIA - TERMINO TEMATICO [R]
Término temático o nombre geográfico como elemento de entrada [NR] Fenómenos genéticos
9 (RLIN) 86604
650 #7 - ASIENTO SECUNDARIO DE MATERIA - TERMINO TEMATICO [R]
Término temático o nombre geográfico como elemento de entrada [NR] Genética humana
9 (RLIN) 16317
942 ## - ELEMENTOS DE ENTRADA AGREGADOS (KOHA)
Sistema de clasificación NLM
Tema principal Ciencias puras
Tipo de ítem principal el descrito en 300a Libro
Edición 1
Clasificación QU 450
Parte restante de la signatura top. H148m
Existencias
Fecha de último préstamo Total préstamos Total Renewals Signatura topográfica Código de barras Última vez visto Ejemplar Costo de reposición Price effective from Tipo de ítem Perdido Sistema de clasificación Dañado No prestable Tipo de ítem específico Suprimido Ubicación habitual Ubicación actual Localización Fecha de creación Proveedor Forma de adquisición Costo
24/07/2025 4 3 QU 450 H148m 100163149 12/12/2025 Ej.2 290046.00 23/08/2019 Libro   NLM     Libro   Quinta de Mutis Quinta de Mutis 1er piso 23/08/2019 15 Compra 290046.00
22/04/2022 3   QU 450 H148m 100163148 12/12/2025 Ej.1 290046.00 23/08/2019 Libro   NLM     Libro   Quinta de Mutis Quinta de Mutis 1er piso 23/08/2019 15 Compra 290046.00